000 00498nam a2200193 i 4500
001 bg
100 1 _aLAPORTE, Léo F.
245 1 0 _aEncounter with the Earth /
_cLéo F. Laporte.
260 _aSan Francisco :
_bCanfield Press,
_ccop.1975.
300 _a538 s. :
_bfot., rys., wykr. ;
_c24 cm.
650 9 _aZiemia
_xgeologia
020 _a0063847809
040 _cBPK
041 0 _aen
080 _a55
920 _a0-06-384780-9
942 _cKS
008 s pl f |000 0 pol
999 _c30181
_d30181
856 _uhttp://koha.tu.koszalin.pl/cgi-bin/koha/opac-detail.pl?biblionumber=30181
_yKatalog online BPK